| 000 | 00502nam a22001937a 4500 | ||
|---|---|---|---|
| 003 | OSt | ||
| 005 | 20160831182824.0 | ||
| 008 | 160831b xxu||||| |||| 00| 0 eng d | ||
| 020 | _a9780764549564 | ||
| 040 | _cDDC. | ||
| 082 | _a005.8MIC 2003. | ||
| 100 |
_aMichalski,Brent; _910969 |
||
| 245 | _aPerl Database Programming. | ||
| 260 |
_aIndinia. _bWiley. _c2003. |
||
| 300 |
_axx,552p; _bill; _c 26cm. |
||
| 504 | _aindex are includes. | ||
| 650 |
_aDatabase Programming _910970 |
||
| 942 |
_2z _cO_SHELF |
||
| 999 |
_c5127 _d5127 |
||